000 00563nam a22001697a 4500
003 OSt
005 20240429154557.0
008 240314b ||||| |||| 00| 0 eng d
040 _cAIMIT LIBRARY
100 _aKrishna, Chaithra.
_e201902
_9154403
245 _aTSM-Carrier Collaboration Service - Customer Success
_cBy Chaithra Krishna ; Guided by Ruban S and Avineet Prakash.
260 _aMangalore:
700 _aRuban, S
_eGuide
_9154524
700 _aPrakash, Avineet.
_9154525
_eGuide
856 _3Blue Younder
_uhttps://blueyounder.com/
942 _2ddc
_cPRO
999 _c230357
_d230357